Państwa z gwiazdą na fladze-nagła śmierć - Statystyki

Ogólne statystyki
  • Ten quiz został rozwiązany 57 razy
  • Średni wynik to 7 z 16
Answers on the Grid
Answers color-coded by a green-red scale on the quiz's grid according to % correct below.
Wyspy Marshalla
Ghana
Tunezja
Turkmenistan
Saint Lucia
Tadżykistan
Belgia
Turcja
Grecja
Grenada
Samoa
Oman
Korea Północna
Somalia
Sudan
Stany Zjednoczone
Mauretania
Zjednoczone Emiraty Arabskie
Islandia
Tuvalu
Jemen
Komory
Libia
Słowenia
Chiny
Czarnogóra
Egipt
 
Statystyki odpowiedzi
Odpowiedź % Poprawnych
Turcja
82%
Chiny
71%
Stany Zjednoczone
68%
Tunezja
64%
Ghana
57%
Korea Północna
46%
Komory
32%
Libia
32%
Somalia
32%
Turkmenistan
32%
Tadżykistan
29%
Mauretania
25%
Samoa
25%
Tuvalu
25%
Słowenia
18%
Grenada
14%
Nie znaleziono quizów pasujących do podanych kryteriów
Rozkład punktacji
Procent ludzi z każdym wynikiem
Percentyl według liczby udzielonych odpowiedzi
Twoja historia wyników
Nie rozwiązałeś tego quizu